Régions de France - Statistiques

Statistiques générales
  • Ce quiz a été pris 24 fois
  • Le résultat moyen est 12 sur 13
Statistiques - réponses
Par images Réponse % Correct
Auvergne-Rhône-Alpes
100%
Bretagne
100%
Grand Est
100%
Hauts-de-France
100%
Ile-de-France
100%
Corse
95%
Occitanie
95%
Provence-Alpes-Côte-d'Azur
90%
Centre-Val-de-Loire
86%
Normandie
86%
Nouvelle Aquitaine
86%
Bourgogne-Franche-Comté
81%
Pays de la Loire
76%
Aucun quiz correspondant
Distribution des résultats
% des personnes avec chaque résultat
Percentile par nombre de réponses
Votre historique - résultats
Vous n’avez pas pris ce quiz